|
|
|
|
| LEADER |
00994cam a2200313 7i4500 |
| 001 |
0000019540 |
| 005 |
20200701090000.0 |
| 005 |
##20200701090300.0 |
| 003 |
##MY-KlINT |
| 008 |
201511q20102010cau g 001 0 eng d |
| 020 |
# |
# |
|a 9781605093758
|
| 039 |
# |
9 |
|a 202007010903
|b Amir
|c 202006110955
|d rozila
|y 201511041225
|z VLOAD
|
| 040 |
# |
# |
|a INTS
|
| 082 |
0 |
0 |
|a 330.973
|
| 090 |
0 |
0 |
|a 330.973
|b KOR
|
| 100 |
1 |
# |
|a Korten, David C.
|e author
|
| 245 |
1 |
0 |
|a AGENDA FOR A NEW ECONOMY :
|b From PHANTOM WEALTH to REAL WEALTH /
|c DAVID C. KORTEN.
|
| 250 |
# |
# |
|a Second Edition.
|
| 264 |
# |
0 |
|c ♭2010
|
| 264 |
# |
0 |
|a San Francisco
|b Berrett-Koehler Publishers, Inc.
|c [2010]
|
| 300 |
# |
# |
|a xiii, 311 pages;
|c 22cm.
|
| 336 |
# |
# |
|a text
|2 rdacontent
|
| 337 |
# |
# |
|a unmediated
|2 rdamedia
|
| 338 |
# |
# |
|a volume
|2 rdacarrier
|
| 500 |
# |
# |
|a Includes index
|
| 504 |
# |
# |
|a Bibliography: pages 285-295
|
| 583 |
# |
# |
|a LULUS
|
| 650 |
# |
0 |
|a Wealth --
|z United States
|
| 650 |
# |
0 |
|a United States --
|x Economics policy --
|y 2001-2009
|